| 000 | 00739cam a2200241 a 4500 | ||
|---|---|---|---|
| 001 | 000008071 | ||
| 005 | 20200929154423.0 | ||
| 008 | 940215s1991 sp 000 f spa d | ||
| 020 | _a843207036X | ||
| 040 |
_aDO-SdBNP _cFMU _dDLC |
||
| 082 |
_a863.64 _bM971j |
||
| 100 | 1 |
_aMuñoz Molina, Antonio, _d1956- _915035 |
|
| 245 | 1 | 3 |
_aEl jinete polaco / _cAntonio Muñoz Molina. |
| 260 |
_aBarcelona : _bPlaneta, _c1991. |
||
| 300 |
_a577 p. ; _c21 cm. |
||
| 490 | 1 | _aAutores españoles e hispanoamericanos | |
| 586 | _aPremio planeta, 1991. | ||
| 650 | 4 |
_aNovela española _91123 |
|
| 650 | 4 |
_aLiteratura española _9632 |
|
| 830 | 0 |
_aAutores españoles e hispanoamericanos _95042 |
|
| 910 | _aCatalogación por copia / LC | ||
| 910 | _aWM | ||
| 999 |
_c7848 _d7848 |
||